000
00285nam a22001337a 4500
008
170215b xxu||||| |||| 00| 0 eng d
020
_a
9781889325316
041
_a
eng
080
_2
1ST
_a
61
100
_a
4
101
_a
SHM
245
_a
RENAL SYSTEM
_c
JACKSON, B.A
942
_2
udc
_c
BK
999
_c
5580
_d
5580